Sports Quiz

Random Sports or Football Quiz

AZ Diamondbacks 2009 Opening Day starters Quiz Stats

 Plays Quiz not verified by Sporcle

Challenge
Share
Tweet
Embed
Score 0/9 Timer 04:00
0 Plays Today
Position Player % Correct
Starting PitcherBrandon Webb
92.2%
ShortstopStephen Drew
83.1%
CatcherChris Snyder
77.9%
OutfieldChris Young
75.3%
OutfieldConor Jackson
72.7%
Third BaseChad Tracy
62.3%
OutfieldEric Byrnes
54.5%
First BaseTony Clark
48.1%
Second BaseFelipe Lopez
45.5%

You're not logged in!

Compare scores with friends on all Sporcle quizzes.
Join for Free
OR
Log In

You Might Also Like...

Show Comments

Extras

Top Quizzes Today


Score Distribution

Your Account Isn't Verified!

In order to create a playlist on Sporcle, you need to verify the email address you used during registration. Go to your Sporcle Settings to finish the process.

Report this User

Report this user for behavior that violates our Community Guidelines.

Details: